Les théories de l'internationale (Record no. 154852)

MARC details
000 -LEADER
campo de control de longitud fija 00546nam a22001575i 4500
001 - NÚMERO DE CONTROL
campo de control 154852
003 - IDENTIFICADOR DE NÚMERO DE CONTROL
campo de control ES-MaACL
005 - FECHA Y HORA DE LA ÚLTIMA TRANSACCIÓN
campo de control 20230906205858.0
008 - DATOS DE LONGITUD FIJA--INFORMACIÓN GENERAL
campo de control de longitud fija 040714s1872 fr |||| | fre d
040 ## - FUENTE DE CATALOGACIÓN
Centro catalogador/agencia de origen CAM
Lengua de catalogación spa
Centro/agencia transcriptor CAM
100 1# - ENTRADA PRINCIPAL--NOMBRE DE PERSONA
Nombre de persona Guéroult, Georges.
9 (RLIN) 60476
245 14 - MENCIÓN DEL TÍTULO
Título Les théories de l'internationale
Resto del título : étude critique /
Mención de responsabilidad, etc. par Georges Guéroult.
260 ## - PUBLICACIÓN, DISTRIBUCIÓN, ETC.
Lugar de publicación, distribución, etc. Paris :
Nombre del editor, distribuidor, etc. Didier et c\pe\s libráires-éditeurs,
Fecha de publicación, distribución, etc. 1872 (
Fabricante Imprimerie L. Toinon et c\pe\s)
300 ## - DESCRIPCIÓN FÍSICA
Extensión VIII, 256 p. ;
Dimensiones 18 cm.
852 ## - LOCALIZACIÓN
Ubicación ES-MaACL
Número de control de estantería D-3049
Nota libre -- Enc. hol.
Holdings
Estatus retirado Estado de pérdida Estado de daño No para préstamo Colección Biblioteca de origen Biblioteca actual Ubicación en estantería Fecha de adquisición Fuente de adquisición Total de préstamos Signatura topográfica completa Código de barras Visto por última vez Precio de reemplazo Tipo de ítem Koha
        Libros del s. XIX Biblioteca del Ateneo de Madrid Biblioteca del Ateneo de Madrid Sala Valle Inclán 17/01/2008     D-3049 901161976 23/02/2023 23/02/2023 Libro impreso antiguo